Balón de Oro - Estadísticas

Estadísticas generales
  • Esta prueba ha sido intentada 356 veces
    108 desde el último reinicio
  • La puntuación promedio es 130 de 209
Estadísticas de respuestas
Año Ganador Selección Equipo % Correcto
Cristiano Ronaldo Portugal Manchester United
96%
2008 Cristiano Ronaldo Portugal Manchester United
96%
Cristiano Ronaldo Portugal Real Madrid
96%
Cristiano Ronaldo Portugal Real Madrid
96%
Cristiano Ronaldo Portugal Real Madrid
96%
2013 Cristiano Ronaldo Portugal Real Madrid
96%
2014 Cristiano Ronaldo Portugal Real Madrid
96%
Cristiano Ronaldo Portugal Real Madrid
96%
2016 Cristiano Ronaldo Portugal Real Madrid
96%
2017 Cristiano Ronaldo Portugal Real Madrid
96%
Cristiano Ronaldo Portugal Juventus
96%
Cristiano Ronaldo Portugal Juventus
96%
Andrés Iniesta España FC Barcelona
94%
Andrés Iniesta España FC Barcelona
94%
Antoine Griezmann Francia Atlético de Madrid
94%
Antoine Griezmann Francia Atlético de Madrid
94%
2006 Fabio Cannavaro Italia Real Madrid
94%
Lionel Messi Argentina FC Barcelona
94%
Lionel Messi Argentina FC Barcelona
94%
2009 Lionel Messi Argentina FC Barcelona
94%
2010 Lionel Messi Argentina FC Barcelona
94%
2011 Lionel Messi Argentina FC Barcelona
94%
2012 Lionel Messi Argentina FC Barcelona
94%
Lionel Messi Argentina FC Barcelona
94%
Lionel Messi Argentina FC Barcelona
94%
2015 Lionel Messi Argentina FC Barcelona
94%
Lionel Messi Argentina FC Barcelona
94%
Lionel Messi Argentina FC Barcelona
94%
2019 Lionel Messi Argentina FC Barcelona
94%
2021 Lionel Messi Argentina París Saint-Germain
94%
2023 Lionel Messi Argentina Inter Miami
94%
Robert Lewandowksi Polonia Bayern de Múnich
94%
Ronaldo Nazário Brasil FC Barcelona
94%
1997 Ronaldo Nazário Brasil Inter de Milán
94%
Ronaldo Nazário Brasil Inter de Milán
94%
2002 Ronaldo Nazário Brasil Real Madrid
94%
2022 Karim Benzema Francia Real Madrid
92%
Lamine Yamal España FC Barcelona
92%
Luigi Riva Italia Cagliari Calcio
92%
Luigi Riva Italia Cagliari Calcio
92%
2018 Luka Modrić Croacia Real Madrid
92%
Neymar Brasil FC Barcelona
92%
Neymar Brasil París Saint-Germain
92%
2025 Ousmane Dembélé Francia París Saint-Germain
92%
1999 Rivaldo Brasil FC Barcelona
92%
Ronaldinho Brasil FC Barcelona
92%
2005 Ronaldinho Brasil FC Barcelona
92%
Xavi Hernández España FC Barcelona
92%
Xavi Hernández España FC Barcelona
92%
Xavi Hernández España FC Barcelona
92%
Zinedine Zidane Francia Juventus
92%
1998 Zinedine Zidane Francia Juventus
92%
Zinedine Zidane Francia Juventus
92%
Erling Haaland Noruega Manchester City
90%
Fernando Torres España Liverpool FC
90%
2007 Kaká Brasil AC Milán
90%
Kevin De Bruyne Bélgica Manchester City
90%
Kylian Mbappé Francia París Saint-Germain
90%
2001 Michael Owen Inglaterra Liverpool FC
90%
Raúl España Real Madrid
90%
2024 Rodri España Manchester City
90%
Andriy Shevchenko Ucrania AC Milán
88%
Andriy Shevchenko Ucrania AC Milán
88%
2004 Andriy Shevchenko Ucrania AC Milán
88%
2000 Luís Figo Portugal Real Madrid
88%
2003 Pavel Nedvěd República Checa Juventus
88%
Vinícius Jr. Brasil Real Madrid
88%
Vitinha Portugal París Saint-Germain
86%
Alfredo Di Stéfano Argentina / España Real Madrid
84%
1957 Alfredo Di Stéfano Argentina / España Real Madrid
84%
1959 Alfredo Di Stéfano Argentina / España Real Madrid
84%
Franck Ribéry Francia Bayern de Múnich
84%
1995 George Weah Liberia AC Milán
84%
Jude Bellingham Inglaterra Real Madrid
84%
Virgil van Dijk Países Bajos Liverpool FC
84%
Gerd Müller Alemania Occidental Bayern de Múnich
82%
1970 Gerd Müller Alemania Occidental Bayern de Múnich
82%
Gerd Müller Alemania Occidental Bayern de Múnich
82%
Gerd Müller Alemania Occidental Bayern de Múnich
82%
Sadio Mané Senegal Liverpool FC
82%
Thierry Henry Francia Arsenal
82%
Thierry Henry Francia Arsenal
82%
Hristo Stoichkov Bulgaria FC Barcelona
80%
1994 Hristo Stoichkov Bulgaria FC Barcelona
80%
1971 Johan Cruyff Países Bajos Ajax
80%
1973 Johan Cruyff Países Bajos FC Barcelona
80%
Johan Cruyff Países Bajos FC Barcelona
80%
1974 Johann Cruyff Países Bajos FC Barcelona
80%
Jorginho Italia Chelsea FC
80%
Manuel Neuer Alemania Bayern de Múnich
80%
1988 Marco van Basten Países Bajos AC Milán
80%
1989 Marco van Basten Países Bajos AC Milán
80%
1992 Marco van Basten Países Bajos AC Milán
80%
1987 Ruud Gullit Países Bajos AC Milán
80%
Ruud Gullit Países Bajos AC Milán
80%
Michel Platini Francia AS Nancy
78%
Michel Platini Francia Saint-Étienne
78%
1983 Michel Platini Francia Juventus
78%
1984 Michel Platini Francia Juventus
78%
1985 Michel Platini Francia Juventus
78%
1960 Luis Suárez España FC Barcelona
76%
Luis Suárez España Inter de Milán
76%
Luis Suárez España Inter de Milán
76%
Luis Suárez España Inter de Milán
76%
1990 Lothar Matthäus Alemania Occidental Inter de Milán
75%
Lothar Matthäus Alemania Inter de Milán
75%
Roberto Carlos Brasil Real Madrid
75%
Ferenc Puskás Hungría Real Madrid
73%
Franz Beckenbauer Alemania Occidental Bayern de Múnich
73%
1972 Franz Beckenbauer Alemania Occidental Bayern de Múnich
73%
Franz Beckenbauer Alemania Occidental Bayern de Múnich
73%
Franz Beckenbauer Alemania Occidental Bayern de Múnich
73%
1976 Franz Beckenbauer Alemania Occidental Bayern de Múnich
73%
Paolo Maldini Italia AC Milán
73%
Paolo Maldini Italia AC Milán
73%
Frank Lampard Inglaterra Chelsea FC
71%
1963 Lev Yashin Unión Soviética Dinamo Moscú
71%
1993 Roberto Baggio Italia Juventus
71%
Roberto Baggio Italia Juventus
71%
Davor Šuker Croacia Real Madrid
67%
Eusébio Portugal Benfica
67%
1965 Eusébio Portugal Benfica
67%
Eusébio Portugal Benfica
67%
1968 George Best Irlanda del Norte Manchester United
67%
George Best Irlanda del Norte Manchester United
67%
Gianluigi Buffon Italia Juventus
67%
Deco Brasil / Portugal FC Barcelona
65%
Karl-Heinz Rummenigge Alemania Occidental Bayern de Múnich
65%
1980 Karl-Heinz Rummenigge Alemania Occidental Bayern de Múnich
65%
1981 Karl-Heinz Rummenigge Alemania Occidental Bayern de Múnich
65%
Steven Gerrard Inglaterra Liverpool FC
65%
1966 Bobby Charlton Inglaterra Manchester United
63%
Bobby Charlton Inglaterra Manchester United
63%
Bobby Charlton Inglaterra Manchester United
63%
1991 Jean-Pierre Papin Francia Olympique de Marsella
61%
Oliver Kahn Alemania Bayern de Múnich
59%
Oliver Kahn Alemania Bayern de Múnich
59%
Raymond Kopa Francia Real Madrid
59%
Raymond Kopa Francia Real Madrid
59%
1958 Raymond Kopa Francia Real Madrid
59%
Raymond Kopa Francia Stade de Reims
59%
1996 Matthias Sammer Alemania Borussia Dortmund
57%
1982 Paolo Rossi Italia Juventus
57%
David Beckham Inglaterra Manchester United
53%
Alan Shearer Inglaterra Newcastle United
51%
Éric Cantona Francia Manchester United
51%
Emilio Butragueño España Real Madrid
45%
Emilio Butragueño España Real Madrid
45%
1956 Stanley Matthews Inglaterra Blackpool
43%
Jari Litmanen Finlandia Ajax
41%
Gary Lineker Inglaterra FC Barcelona
39%
Predrag Mijatović Yugoslavia Real Madrid
39%
1961 Omar Sívori Argentina / Italia Juventus
35%
Frank Rijkaard Países Bajos AC Milán
33%
Frank Rijkaard Países Bajos AC Milán
33%
Gianni Rivera Italia AC Milán
33%
1969 Gianni Rivera Italia AC Milán
33%
Kevin Keegan Inglaterra Hamburgo SV
33%
1978 Kevin Keegan Inglaterra Hamburgo SV
33%
1979 Kevin Keegan Inglaterra Hamburgo SV
33%
Paulo Futre Portugal Atlético de Madrid
33%
1977 Allan Simonsen Dinamarca Mönchengladbach
31%
Allan Simonsen Dinamarca Vejle BK
31%
1964 Denis Law Escocia Manchester United
31%
1962 Josef Masopust Checoslovaquia Dukla Praga
31%
Franco Baresi Italia AC Milán
29%
Kenny Dalglish Escocia Liverpool FC
29%
Bobby Moore Inglaterra West Ham
27%
1986 Igor Belánov Unión Soviética Dinamo de Kiev
27%
Bernd Schuster Alemania Occidental FC Barcelona
20%
Bernd Schuster Alemania Occidental FC Barcelona
20%
Bernd Schuster Alemania Occidental FC Barcelona
20%
Amancio Amaro España Real Madrid
18%
Amancio Amaro España Real Madrid
18%
1967 Flórián Albert Hungría Ferencváros
18%
Just Fontaine Francia Stade de Reims
18%
1975 Oleg Blojín Unión Soviética Dinamo de Kiev
18%
Dennis Bergkamp Países Bajos Ajax
16%
Dennis Bergkamp Países Bajos Inter de Milán
16%
Jürgen Klinsmann Alemania Bayern de Múnich
16%
Salvatore Schillaci Italia Juventus
10%
Andreas Brehme Alemania Occidental Inter de Milán
8%
Dino Zoff Italia Juventus
8%
Hans Krankl Austria FC Barcelona
8%
Billy Wright Inglaterra Wolverhampton
6%
Jimmy Greaves Inglaterra Tottenham
6%
Sandro Mazzola Italia Inter de Milán
6%
Dejan Savićević Yugoslavia Estrella Roja
4%
Jimmy Johnstone Escocia Celtic FC
4%
Paul Breitner Alemania Occidental Bayern de Múnich
4%
Uwe Seeler Alemania Occidental Hamburgo SV
4%
Zbigniew Boniek Polonia Juventus
4%
Darko Pančev Yugoslavia Estrella Roja
2%
Duncan Edwards Inglaterra Manchester United
2%
Giacinto Facchetti Italia Inter de Milán
2%
Helmut Rahn Alemania Occidental Rot-Weiss Essen
2%
Jean Tigana Francia Girondins de Burdeos
2%
Preben Elkjær Dinamarca Hellas Verona
2%
Preben Elkjær Dinamarca Hellas Verona
2%
Alain Giresse Francia Girondins de Burdeos
0%
Dragan Džajić Yugoslavia Estrella Roja
0%
Günter Netzer Alemania Occidental Mönchengladbach
0%
Ivo Viktor Checoslovaquia Dukla Praga
0%
John Charles Gales Juventus
0%
Karl-Heinz Schnellinger Alemania Occidental FC Köln
0%
Kazimierz Deyna Polonia Legia de Varsovia
0%
Rob Rensenbrink Países Bajos Anderlecht
0%
Rob Rensenbrink Países Bajos Anderlecht
0%
Ruud Krol Países Bajos Ajax
0%
No se encontraron pruebas coincidentes
Distribución de puntuación
Porcentaje de gente con cada puntuación
Porcentaje por número respondido
Historial de tus puntuaciones
No has intentado esta prueba desde el último reinicio